Sorolla 1863 1923 (Record no. 990)

MARC details
000 - LÍDER
campo de control de longitud fija 00773nam a2200193Ia 4500
008 - ELEMENTOS DE DATOS DE LONGITUD FIJA - INFORMACIÓN GENERAL
campo de control de longitud fija 0000001997 ve a 0000000000spa00
020 ## - INTERNATIONAL STANDARD BOOK NUMBER
International Standard Book Number 9802381861
090 ## - NÚMERO DE LLAMADA DE TIPO LC LOCALMENTE ASIGNADO (OCLC)
Número de clasificación (OCLC) (R) PSP00 N68s
100 1# - ENTRADA PRINCIPAL - NOMBRE PERSONAL
Nombre de la persona Nouviale, Christel
245 10 - TÍTULO DECLARACIÓN
Título Sorolla 1863 1923
Declaración de responsabilidad / texto Christel Nouviale
260 ## - PUBLICACIÓN, DISTRIBUCIÓN
Lugar de publicación Caracas : Fundación Museo de Bellas Artes
Fecha de publicación 1997
300 ## - DESCRIPCIÓN FÍSICA
Alcance 35 p.
Dimensiones / 28 X 21 cm.
500 ## - NOTA GENERAL
Nota general Exposición realizada en la Fundación Museo de Bellas Artes, Caracas, Septiembre 11 Noviembre 2, 1997 \ Con el patronazgo del maestro venezolano Jesús Rafael Soto (q.e.p.d.)
600 00 - ENTRADA DE SUJETO AÑADIDO - NOMBRE PERSONAL
Nombre de la persona SOROLLA, JOAQUIN, 18631923/
Subdivisión general TRABAJOS PICTORICOS
650 14 - ENTRADA DE SUJETO AÑADIDO - TÉRMINO TÓPICO
Término tópico o elemento de entrada del nombre geográfico PINTURA ESPAÑOLA
650 14 - ENTRADA DE SUJETO AÑADIDO - TÉRMINO TÓPICO
Término tópico o elemento de entrada del nombre geográfico ARTE MODERNO ESPAÑOL
650 14 - ENTRADA DE SUJETO AÑADIDO - TÉRMINO TÓPICO
Subdivisión general CATALOGOS
650 14 - ENTRADA DE SUJETO AÑADIDO - TÉRMINO TÓPICO
Término tópico o elemento de entrada del nombre geográfico PINTORES ESPAÑOLES
Holdings
Estado de retirada Pérdida de estatus Estado dañado No para préstamo Código de recogida Ubicación permanente Ubicación actual Ubicación de las estanterías Fecha de adquisición Número de llamada completo Código de barras Fecha de la última vez que se vio Número de copia Precio efectivo desde Tipo de artículo Koha
        General ArtNexus ArtNexus General 06/09/2022 P-SP-0068S 990 06/09/2022 Ej.1 06/09/2022 Libro

Powered by Koha